| 000 | 00454cam a22001097a 4500 | ||
|---|---|---|---|
| 008 | 180718b1959 xxu||||| |||| 00| 0 eng d | ||
| 082 | _aI5511096x54 C333 | ||
| 245 |
_aReport of the eight conference od central and state statisticians: helf at New Delhi from 7th to 12th december, 1959 _cby Central statistical Organisation |
||
| 260 |
_aNew Delhi _bCentral statistical Organisation _c1959 |
||
| 300 | _a62p | ||
| 700 | _aIndia. Central statistical Organisation | ||
| 999 |
_c415597 _d415597 |
||